[Event "SVK-ch U14 Girls"]
[Site "Liptovsky Mikulas"]
[Date "2016.04.18"]
[Round "4"]
[White "Miklasova, Emma"]
[Black "Taragelova, Martina"]
[Result "0-1"]
[WhiteElo "1605"]
[BlackElo "1658"]
[PlyCount "108"]
[EventDate "2016.04.16"]
[EventType "swiss"]
[EventRounds "9"]
[EventCountry "SVK"]
[SourceTitle "CBM 172 Extra"]
[Source "ChessBase"]
[SourceDate "2016.06.21"]
[SourceVersion "1"]
[SourceVersionDate "2016.06.21"]
[SourceQuality "1"]

1. d4 d5 2. c4 c6 3. Nc3 Nf6 4. e3 e6 5. Bd3 Be7 6. Nge2 0-0 7. 0-0 Nbd7 8. cxd5 Nxd5 9. Nxd5 cxd5 10. Bd2 Nf6 11. Rc1 Bd7 12. Qb3 Bc6 13. Ng3 Rc8 14. Bb1 Qd7 15. Qd1 Bb5 16. Re1 Rxc1 17. Bxc1 Rc8 18. Bd3 Bxd3 19. Qxd3 Qa4 20. Qb1 Qc2 21. Qxc2 Rxc2 22. a3 Nd7 23. e4 dxe4 24. Nxe4 Nb6 25. Rd1 Nc4 26. b4 b6 27. h3 h6 28. Nd2 Bf6 29. Nxc4 Rxc4 30. Be3 Rc3 31. Ra1 Rd3 32. Kf1 Bxd4 33. Bxd4 Rxd4 34. Ke2 Kf8 35. Ke3 Rc4 36. Kd3 Rc8 37. Re1 Ke7 38. Re4 Rc1 39. Rc4 Rxc4 40. Kxc4 a6 41. a4 Kd6 42. Kd4 e5+ 43. Kc4 Kc6 44. f3 b5+ 45. axb5+ axb5+ 46. Kc3 Kd5 47. Kd3 f5 48. g3 e4+ 49. fxe4+ fxe4+ 50. Kc3 Ke5 51. h4 Kd5 52. h5 Ke5 53. g4 Kf4 54. Kd4 e3 0-1

[Event "SVK-chT2C 1516"]
[Site "Slovakia"]
[Date "2016.02.13"]
[Round "8.8"]
[White "Miklasova, Emma"]
[Black "Sankova, Stella"]
[Result "0-1"]
[WhiteElo "1583"]
[BlackElo "1964"]
[PlyCount "78"]
[EventDate "2015.10.17"]
[EventType "team-tourn"]
[EventRounds "11"]
[EventCountry "SVK"]
[SourceTitle "EXT 2017"]
[Source "ChessBase"]
[SourceDate "2016.10.25"]
[SourceVersion "1"]
[SourceVersionDate "2016.10.25"]
[SourceQuality "1"]
[WhiteTeam "Liptov Chess School III"]
[BlackTeam "Banska Bystrica Kurta"]
[WhiteTeamCountry "SVK"]
[BlackTeamCountry "SVK"]

1. d4 d5 2. c4 c6 3. Nc3 Nf6 4. Nf3 dxc4 5. e4 b5 6. e5 Nd5 7. Nxd5 cxd5 8. b3 Bf5 9. Bd2 Nc6 10. Be2 Qb6 11. bxc4 bxc4 12. Bc3 e6 13. a3 Be7 14. 0-0 0-0 15. Qd2 Rab8 16. Bd1 Rb7 17. h3 Rfb8 18. Bc2 Bxc2 19. Qxc2 Qb3 20. Qc1 Qa4 21. Qd1 Qxd1 22. Rfxd1 Rb3 23. Bb4 Bxb4 24. axb4 R8xb4 25. Nd2 Rd3 26. Ra6 Rb6 27. Rda1 Rxa6 28. Rxa6 Rxd2 29. Rxc6 g6 30. Kf1 Rxd4 31. f3 Rd2 32. g3 a5 33. Ke1 Ra2 34. Rc5 a4 35. Kd1 a3 36. Ra5 c3 37. Kc1 d4 38. Kb1 Rb2+ 39. Kc1 a2 0-1

[Event "Liptovsky Mikulas CupT U20"]
[Site "Liptovsky Mikulas"]
[Date "2015.06.27"]
[Round "4.4"]
[White "Miklasova, Emma"]
[Black "Kordela, Monika"]
[Result "1-0"]
[WhiteElo "1641"]
[BlackElo "1584"]
[PlyCount "81"]
[EventDate "2015.06.25"]
[EventType "team-swiss"]
[EventRounds "7"]
[EventCountry "SVK"]
[SourceTitle "CBM 167 Extra"]
[Source "ChessBase"]
[SourceDate "2015.09.14"]
[SourceVersion "1"]
[SourceVersionDate "2015.09.14"]
[SourceQuality "1"]
[WhiteTeam "Liptov Chess School (U18)"]
[BlackTeam "Jastrzebie Zdroj (U18)"]
[WhiteTeamCountry "SVK"]
[BlackTeamCountry "POL"]

1. d4 d5 2. c4 e6 3. Nc3 Nf6 4. Bg5 Be7 5. e3 0-0 6. Nf3 Nbd7 7. cxd5 Nxd5 8. Bxe7 Qxe7 9. Nxd5 exd5 10. Rc1 c6 11. Bd3 Nf6 12. h3 Qb4+ 13. Qd2 Qxd2+ 14. Nxd2 Re8 15. 0-0 Bd7 16. Nb3 b6 17. Ba6 Re6 18. Rc2 Ne4 19. Rfc1 Rb8 20. Be2 Rg6 21. Bg4 f5 22. Be2 Rf8 23. Bd3 Rff6 24. Nd2 Ng5 25. Kh2 Ne4 26. Nf3 Rh6 27. Ne5 Be8 28. Ba6 c5 29. f3 Ng5 30. Bb7 Rd6 31. dxc5 bxc5 32. Rxc5 Kh8 33. Bxd5 Ne6 34. Rc8 Nd8 35. Rd1 g5 36. Rd4 Kg7 37. Rc7+ Kf6 38. Nc4 Ra6 39. a3 Bb5 40. Bg8 Kg6 41. Rxd8 1-0

[Event "SVK-ch U14 Girls"]
[Site "Tatralandia"]
[Date "2015.04.23"]
[Round "7"]
[White "Cibikova, Sofia Anna"]
[Black "Miklasova, Emma"]
[Result "0-1"]
[WhiteElo "1660"]
[BlackElo "1614"]
[PlyCount "104"]
[EventDate "2015.04.18"]
[EventType "swiss"]
[EventRounds "9"]
[EventCountry "SVK"]
[SourceTitle "CBM 166 Extra"]
[Source "ChessBase"]
[SourceDate "2015.06.18"]
[SourceVersion "1"]
[SourceVersionDate "2015.06.18"]
[SourceQuality "1"]

1. d4 d5 2. Nc3 Nf6 3. Bg5 c6 4. Nf3 h6 5. Bxf6 exf6 6. e3 Nd7 7. Bd3 Nb6 8. 0-0 Bd6 9. h3 0-0 10. b3 Re8 11. Ne2 Bc7 12. c4 dxc4 13. bxc4 Be6 14. Qc2 Qe7 15. Rab1 Rab8 16. Rb2 Nc8 17. Rfb1 b6 18. a4 a6 19. Qc3 Qd7 20. h4 Ne7 21. e4 Bg4 22. Bc2 Red8 23. d5 c5 24. Qd3 Qd6 25. g3 Ng6 26. Kf1 Bxf3 27. Qxf3 Ne5 28. Qc3 Ng4 29. Bd3 Qd7 30. Kg2 Be5 31. Qc2 Bxb2 32. Rxb2 Ne5 33. f4 Nxd3 34. Qxd3 Qxa4 35. Nc3 Qd7 36. Qb1 Qc7 37. Na4 Rb7 38. Rxb6 Rdb8 39. Rxb7 Rxb7 40. Qa2 Qa5 41. Qc2 Rd7 42. Nb2 Qe1 43. Na4 Qe3 44. Nc3 Rb7 45. h5 Qd4 46. Ne2 Qb2 47. Qxb2 Rxb2 48. Kf3 Rc2 49. d6 Kf8 50. Ke3 Rxc4 51. Kd3 Rb4 52. Nc3 Rd4+ 0-1

[Event "EU Union-ch U12"]
[Site "Kouty nad Desnou"]
[Date "2014.08.28"]
[Round "2"]
[White "Miklasova, Emma"]
[Black "Grall, Alba"]
[Result "1/2-1/2"]
[WhiteElo "1609"]
[BlackElo "1447"]
[PlyCount "68"]
[EventDate "2014.08.27"]
[EventType "swiss"]
[EventRounds "9"]
[EventCountry "CZE"]
[SourceTitle "CBM 162 Extra"]
[Source "ChessBase"]
[SourceDate "2014.10.17"]
[SourceVersion "1"]
[SourceVersionDate "2014.10.17"]
[SourceQuality "1"]

1. e4 e5 2. Nf3 Nc6 3. d4 exd4 4. Nxd4 Bc5 5. Be3 Bb6 6. Be2 Nf6 7. Nc3 d6 8. Bb5 Bd7 9. Nxc6 bxc6 10. Be2 Bxe3 11. fxe3 Qe7 12. Bf3 0-0 13. 0-0 Rab8 14. Rb1 Rfe8 15. Re1 a5 16. Qd2 Qe5 17. Qd4 Qg5 18. b3 Ra8 19. Rbd1 c5 20. Qd3 Re5 21. Qe2 Bc6 22. Qc4 Rae8 23. Qa6 Bxe4 24. Nxe4 Nxe4 25. Qxa5 Qe7 26. Bxe4 Rxe4 27. Rd3 h6 28. Qc3 Re5 29. Qc4 Qg5 30. e4 Rd8 31. Rd5 Rde8 32. Rxe5 Rxe5 33. a4 Re6 34. a5 Qe7 1/2-1/2

[Event "Liptovsky Mikulas CupT U20"]
[Site "Liptovsky Mikulas"]
[Date "2014.06.22"]
[Round "6.4"]
[White "Volna, Lukas"]
[Black "Miklasova, Emma"]
[Result "1-0"]
[WhiteElo "1852"]
[BlackElo "1592"]
[PlyCount "119"]
[EventDate "2014.06.19"]
[EventType "team-swiss"]
[EventRounds "7"]
[EventCountry "SVK"]
[SourceTitle "EXT 2015"]
[Source "ChessBase"]
[SourceDate "2014.11.20"]
[SourceVersion "1"]
[SourceVersionDate "2014.11.20"]
[SourceQuality "1"]
[WhiteTeam "Luna Martin (U18)"]
[BlackTeam "Liptov Chess School (U18) II"]
[WhiteTeamCountry "SVK"]
[BlackTeamCountry "SVK"]

1. c4 e5 2. Nc3 Nf6 3. g3 c6 4. Bg2 Bc5 5. d3 d6 6. Nf3 h6 7. a3 0-0 8. b4 Bb6 9. 0-0 Re8 10. Bb2 Bf5 11. b5 a6 12. a4 Ba5 13. Qc2 Nbd7 14. bxc6 bxc6 15. Nh4 Bh7 16. Bxc6 Rb8 17. Bg2 Nb6 18. e4 Qc7 19. Rfc1 Nfd7 20. Ne2 Nc5 21. Bc3 Bxc3 22. Nxc3 Qd7 23. Rcb1 Ne6 24. Bh3 Qa7 25. Nf3 Rb7 26. Rb2 Reb8 27. Rab1 Bg6 28. a5 Nd7 29. Na4 Bh5 30. Bxe6 fxe6 31. Nh4 Nf6 32. Nb6 Nh7 33. Kg2 Ng5 34. Rf1 Bg4 35. Rfb1 Bh5 36. h3 Rf7 37. g4 Bxg4 38. hxg4 Rbf8 39. Rf1 Nf3 40. Nxf3 Rxf3 41. Qe2 Qf7 42. Rg1 Qf4 43. Na4 Qxg4+ 44. Kf1 Qh3+ 45. Ke1 Rxd3 46. Qg4 Qxg4 47. Rxg4 Rd4 48. Nb6 Rd8 49. Rd2 Rxd2 50. Kxd2 Rf8 51. Ke3 Kh7 52. Rg1 g5 53. Rd1 Rd8 54. c5 d5 55. exd5 exd5 56. Rxd5 Re8 57. c6 h5 58. c7 h4 59. Rd8 h3 60. c8Q 1-0

[Event "SVK-chT U20 final"]
[Site "Jaslovske Bohunice"]
[Date "2014.05.04"]
[Round "4.8"]
[White "Rosinska, Maria"]
[Black "Miklasova, Emma"]
[Result "0-1"]
[WhiteElo "1356"]
[BlackElo "1589"]
[PlyCount "90"]
[EventDate "2014.05.02"]
[EventType "team-tourn"]
[EventRounds "5"]
[EventCountry "SVK"]
[SourceTitle "EXT 2018"]
[Source "ChessBase"]
[SourceDate "2017.10.13"]
[SourceVersion "1"]
[SourceVersionDate "2017.10.13"]
[SourceQuality "1"]

1. e4 e5 2. Nf3 Nc6 3. d4 exd4 4. Nxd4 Nf6 5. Nc3 Bb4 6. f3 0-0 7. Bg5 Re8 8. Be2 d5 9. a3 Bxc3+ 10. bxc3 dxe4 11. 0-0 Nxd4 12. cxd4 exf3 13. Bxf3 Re6 14. c3 Qd6 15. Qd3 h6 16. Bh4 c6 17. Bg3 Qe7 18. a4 Re3 19. Qc4 Be6 20. Qb4 Qxb4 21. cxb4 Bd5 22. Bxd5 Nxd5 23. Rae1 Rae8 24. Rxe3 Rxe3 25. Rb1 Re4 26. Bf2 Nc3 27. Ra1 Ne2+ 28. Kf1 Nxd4 29. Rd1 Nc2 30. Bxa7 Rf4+ 31. Ke2 Rxb4 32. Rd8+ Kh7 33. Rb8 Rb2 34. Kd3 Ne1+ 35. Kc3 Rxg2 36. Rxb7 f6 37. Bb8 Ra2 38. Kb3 Ra1 39. Kb2 Rxa4 40. Kc3 Ra2 41. Rb6 Re2 42. Kd4 Nf3+ 43. Kd3 Re6 44. Ra6 Ne5+ 45. Kd4 c5+ 0-1

[Event "SVK-chT U20 final"]
[Site "Jaslovske Bohunice"]
[Date "2014.05.02"]
[Round "1.4"]
[White "Liscinska, Lucia"]
[Black "Miklasova, Emma"]
[Result "0-1"]
[WhiteElo "1594"]
[BlackElo "1589"]
[PlyCount "74"]
[EventDate "2014.05.02"]
[EventType "team-tourn"]
[EventRounds "5"]
[EventCountry "SVK"]
[SourceTitle "EXT 2018"]
[Source "ChessBase"]
[SourceDate "2017.10.13"]
[SourceVersion "1"]
[SourceVersionDate "2017.10.13"]
[SourceQuality "1"]

1. e4 e5 2. Nf3 Nc6 3. Bc4 Bc5 4. d3 Nf6 5. c3 d6 6. 0-0 a6 7. b4 Ba7 8. Bg5 h6 9. Bh4 g5 10. Bg3 b5 11. Bb3 0-0 12. h3 Nh5 13. Kh2 Nf4 14. Bxf4 gxf4 15. Bd5 Bd7 16. a4 Bb6 17. a5 Ba7 18. g3 Qf6 19. Nbd2 Rab8 20. Qe2 Kh7 21. gxf4 Qxf4+ 22. Kh1 Bxh3 23. Rg1 Ne7 24. Ng5+ hxg5 25. Qh5+ Kg7 26. Rxg5+ Ng6 27. Rag1 Qf6 28. Bxf7 Kxf7 29. Rxg6 Qxg6 30. Qxg6+ Ke7 31. Qg7+ Rf7 32. Qg5+ Ke8 33. Qh5 Be6 34. Rg8+ Kd7 35. Rxb8 Bxb8 36. Nf3 Rg7 37. Ng5 Re7 0-1

[Event "CZE-chTB U20 1314"]
[Site "Czech Republic"]
[Date "2014.04.26"]
[Round "10.6"]
[White "Stanek, Ondrej1"]
[Black "Miklasova, Emma"]
[Result "1-0"]
[WhiteElo "1584"]
[BlackElo "1590"]
[PlyCount "65"]
[EventDate "2013.10.12"]
[EventType "team-tourn"]
[EventRounds "11"]
[EventCountry "CZE"]
[SourceTitle "EXT 2015"]
[Source "ChessBase"]
[SourceDate "2014.11.20"]
[SourceVersion "1"]
[SourceVersionDate "2014.11.20"]
[SourceQuality "1"]
[WhiteTeam "Praha Bohemians (U20)"]
[BlackTeam "Polabiny (U20) II"]
[WhiteTeamCountry "CZE"]
[BlackTeamCountry "CZE"]

1. e4 e5 2. Nf3 Nc6 3. d4 exd4 4. Bc4 Nf6 5. e5 Ng4 6. 0-0 d6 7. exd6 Qxd6 8. Re1+ Be6 9. h3 Nf6 10. Ng5 Nd8 11. Qe2 Be7 12. Nxe6 fxe6 13. Nd2 c5 14. Ne4 Qd7 15. Ng5 a6 16. Bxe6 Qd6 17. g3 h6 18. Bf4 Qc6 19. Bf7+ Kd7 20. Qxe7+ Kc8 21. Be6+ Nd7 22. Bxd7+ Qxd7 23. Qxd7+ Kxd7 24. Nf3 Nf7 25. Ne5+ Nxe5 26. Bxe5 Rhg8 27. Rad1 Kc6 28. c3 dxc3 29. Bxc3 g6 30. Re6+ Kb5 31. Rdd6 Raf8 32. b3 c4 33. Re5# 1-0

[Event "CZE-chTE U20 1314"]
[Site "Czech Republic"]
[Date "2014.01.25"]
[Round "6.6"]
[White "Miklasova, Emma"]
[Black "Nosek, Jan"]
[Result "0-1"]
[WhiteElo "1590"]
[BlackElo "1727"]
[PlyCount "132"]
[EventDate "2013.10.12"]
[EventType "team-tourn"]
[EventRounds "11"]
[EventCountry "CZE"]
[SourceTitle "EXT 2015"]
[Source "ChessBase"]
[SourceDate "2014.11.20"]
[SourceVersion "1"]
[SourceVersionDate "2014.11.20"]
[SourceQuality "1"]
[WhiteTeam "Polabiny (U20) II"]
[BlackTeam "Hradec Kralove (U20)"]
[WhiteTeamCountry "CZE"]
[BlackTeamCountry "CZE"]

1. d4 Nf6 2. c4 g6 3. Nc3 Bg7 4. e4 d6 5. Nf3 0-0 6. g3 e5 7. Bg2 Nc6 8. dxe5 dxe5 9. 0-0 Be6 10. b3 Qxd1 11. Rxd1 Rad8 12. Bb2 h6 13. Kf1 Bg4 14. h3 Bxf3 15. Bxf3 Nd4 16. Kg2 c6 17. Na4 Nxf3 18. Kxf3 Nh7 19. h4 b6 20. b4 Rfe8 21. Nc3 Nf8 22. a4 Ne6 23. Ne2 c5 24. b5 Nd4+ 25. Nxd4 cxd4 26. Rd2 Rc8 27. Rc1 Bf8 28. Ke2 Bb4 29. Rdc2 Re7 30. Kd3 Rec7 31. f4 f6 32. Ra1 Kf7 33. Rac1 Ke6 34. Rf1 Rf7 35. fxe5 fxe5 36. Rxf7 Kxf7 37. g4 Kg7 38. Rf2 Rf8 39. Rxf8 Kxf8 40. Bc1 Kg7 41. g5 h5 42. Ke2 Kf7 43. Kd1 Ke6 44. Ke2 Kd6 45. Bb2 Kc5 46. Kd3 Kd6 47. Ke2 Kc7 48. Kd1 Kb7 49. Ke2 Kc7 50. Kd1 Kc8 51. Ke2 Kb7 52. Kd1 Kc8 53. Ke2 Kc7 54. Kd1 a6 55. Ke2 Kd6 56. Kd3 axb5 57. axb5 Be1 58. Ba3+ Kd7 59. c5 bxc5 60. Bxc5 Bxh4 61. b6 Kc6 62. Be7 Kxb6 63. Bf6 Bg3 64. Bd8+ Kb5 65. Ke2 Kc4 66. Ba5 Bf4 0-1

[Event "CZE-chTE U20 1314"]
[Site "Czech Republic"]
[Date "2013.10.13"]
[Round "3.6"]
[White "Pekarek, Ales1"]
[Black "Miklasova, Emma"]
[Result "0-1"]
[WhiteElo "1407"]
[BlackElo "1590"]
[PlyCount "78"]
[EventDate "2013.10.12"]
[EventType "team-tourn"]
[EventRounds "11"]
[EventCountry "CZE"]
[SourceTitle "EXT 2015"]
[Source "ChessBase"]
[SourceDate "2014.11.20"]
[SourceVersion "1"]
[SourceVersionDate "2014.11.20"]
[SourceQuality "1"]
[WhiteTeam "Orlova Slavia (U20) II"]
[BlackTeam "Polabiny (U20) II"]
[WhiteTeamCountry "CZE"]
[BlackTeamCountry "CZE"]

1. e4 e5 2. Nf3 Nc6 3. Nc3 Nf6 4. Bb5 Bb4 5. Bxc6 dxc6 6. h3 Bxc3 7. bxc3 0-0 8. d3 Re8 9. Bg5 Qd6 10. d4 Nxe4 11. dxe5 Qxd1+ 12. Rxd1 Nxc3 13. Ra1 f6 14. Bf4 Nd5 15. Bg3 Bf5 16. c4 Nb6 17. 0-0 Rac8 18. exf6 gxf6 19. Rfe1 Kf7 20. Nd4 Bd3 21. c5 Na4 22. Nb3 Rxe1+ 23. Rxe1 Nc3 24. Nc1 Bc4 25. Re3 Na4 26. Re4 Bb5 27. Nb3 Nc3 28. Rh4 Ne2+ 29. Kh2 Nxg3 30. Kxg3 Rg8+ 31. Rg4 Rxg4+ 32. Kxg4 Kg6 33. Nd4 Bc4 34. a4 h5+ 35. Kf4 Bd5 36. g4 hxg4 37. Kxg4 b6 38. cxb6 cxb6 39. Nf5 Be6 0-1

[Event "CZE-chTE U20 1314"]
[Site "Czech Republic"]
[Date "2013.10.12"]
[Round "2.6"]
[White "Miklasova, Emma"]
[Black "Koci, Tereza"]
[Result "1/2-1/2"]
[WhiteElo "1590"]
[BlackElo "1439"]
[PlyCount "68"]
[EventDate "2013.10.12"]
[EventType "team-tourn"]
[EventRounds "11"]
[EventCountry "CZE"]
[SourceTitle "EXT 2015"]
[Source "ChessBase"]
[SourceDate "2014.11.20"]
[SourceVersion "1"]
[SourceVersionDate "2014.11.20"]
[SourceQuality "1"]
[WhiteTeam "Polabiny (U20) II"]
[BlackTeam "Brno Lokomotiva (U20)"]
[WhiteTeamCountry "CZE"]
[BlackTeamCountry "CZE"]

1. e4 c5 2. Nf3 e6 3. Qe2 a6 4. g3 b6 5. Bg2 Bb7 6. 0-0 Qc7 7. d3 d6 8. Bd2 Nd7 9. Re1 Be7 10. Bc3 Ngf6 11. e5 dxe5 12. Nxe5 Bxg2 13. Kxg2 Nxe5 14. Bxe5 Qc6+ 15. Qf3 Qxf3+ 16. Kxf3 0-0 17. Nc3 Rac8 18. Ne4 Nd5 19. a3 f6 20. Bd6 e5 21. c4 Bxd6 22. Nxd6 Rcd8 23. Nb7 Rd7 24. Nxc5 bxc5 25. cxd5 Rxd5 26. Red1 Rfd8 27. Ke2 Kf7 28. Rac1 Rc8 29. b4 Ke7 30. Rc4 Kd7 31. Rdc1 Kd6 32. f4 exf4 33. gxf4 Rh5 34. Rh1 Re8+ 1/2-1/2

[Event "CZE-chTE U20 1314"]
[Site "Czech Republic"]
[Date "2013.10.12"]
[Round "1.6"]
[White "Miklasova, Emma"]
[Black "Kuchar, Matej"]
[Result "1-0"]
[WhiteElo "1590"]
[BlackElo "1639"]
[PlyCount "66"]
[EventDate "2013.10.12"]
[EventType "team-tourn"]
[EventRounds "11"]
[EventCountry "CZE"]
[SourceTitle "EXT 2015"]
[Source "ChessBase"]
[SourceDate "2014.11.20"]
[SourceVersion "1"]
[SourceVersionDate "2014.11.20"]
[SourceQuality "1"]
[WhiteTeam "Polabiny (U20) II"]
[BlackTeam "Frydek Mistek (U20)"]
[WhiteTeamCountry "CZE"]
[BlackTeamCountry "CZE"]

1. e4 e5 2. Nf3 Nc6 3. Bb5 a6 4. Ba4 Nf6 5. 0-0 d6 6. Re1 Be7 7. c3 0-0 8. h3 Be6 9. d4 exd4 10. cxd4 Bd7 11. Nc3 h6 12. e5 Nh7 13. Bc2 Ng5 14. Nxg5 Bxg5 15. f4 Be7 16. f5 dxe5 17. dxe5 Bc8 18. Qh5 Qd4+ 19. Be3 Qh4 20. Qe2 Bb4 21. Rad1 Qe7 22. Bf2 Bxc3 23. bxc3 Re8 24. e6 fxe6 25. fxe6 Bxe6 26. Qe4 Qf6 27. Bh4 Qf7 28. Qh7+ Kf8 29. Rf1 g5 30. Rxf7+ Bxf7 31. Qxh6+ Kg8 32. Bh7+ Kh8 33. Bg6+ Kg8 1-0

[Event "Berekfurdo tt"]
[Site "Berekfurdo"]
[Date "2013.10.04"]
[Round "3.4"]
[White "Illes, David Mark"]
[Black "Miklasova, Emma"]
[Result "0-1"]
[WhiteElo "1363"]
[BlackElo "1571"]
[PlyCount "104"]
[EventDate "2013.10.03"]
[EventType "team-tourn"]
[EventRounds "7"]
[EventCountry "HUN"]
[SourceTitle "CBM 156 Extra"]
[Source "ChessBase"]
[SourceDate "2013.10.22"]
[SourceVersion "1"]
[SourceVersionDate "2013.10.22"]
[SourceQuality "1"]
[WhiteTeam "Kisujszallas"]
[BlackTeam "Liptov Chess School"]
[WhiteTeamCountry "HUN"]
[BlackTeamCountry "SVK"]

1. e4 e5 2. Nf3 Nc6 3. Bc4 Nf6 4. d4 exd4 5. e5 Qe7 6. Qe2 Ng4 7. Bf4 d6 8. exd6 Qxe2+ 9. Bxe2 Bxd6 10. Bxd6 cxd6 11. 0-0 0-0 12. Rd1 Re8 13. Bc4 Nge5 14. Be2 Nxf3+ 15. Bxf3 Bd7 16. Na3 a6 17. Nc4 b5 18. Nb6 Ra7 19. Nxd7 Rc7 20. Nb6 Nb4 21. Re1 Rb8 22. Re2 Rxc2 23. Rxc2 Nxc2 24. Rc1 d3 25. Nd5 Re8 26. Ne3 Nxe3 27. fxe3 h6 28. Kf2 Rd8 29. Rd1 Rc8 30. Rd2 Rc2 31. Ke1 Rc1+ 32. Rd1 Rc2 33. Rxd3 Rxb2 34. Rxd6 Rxa2 35. Be4 Kf8 36. Kd1 b4 37. Rb6 a5 38. Bb1 Rxg2 39. Rb5 Rxh2 40. Rxa5 g5 41. Rb5 g4 42. Rxb4 g3 43. Rg4 g2 44. Ke2 g1Q+ 45. Kf3 Rf2+ 46. Ke4 Qxg4+ 47. Kd5 Rd2+ 48. Ke5 Qe6+ 49. Kf4 Rf2+ 50. Kg3 Qf6 51. Kh3 Qf3+ 52. Kh4 Rh2# 0-1

[Event "EU Union-ch U12"]
[Site "Malenovice"]
[Date "2013.09.03"]
[Round "7"]
[White "Vilimova, Julie"]
[Black "Miklasova, Emma"]
[Result "0-1"]
[WhiteElo "1606"]
[BlackElo "1583"]
[PlyCount "50"]
[EventDate "2013.08.28"]
[EventType "swiss"]
[EventRounds "9"]
[EventCountry "CZE"]
[SourceTitle "CBM 156 Extra"]
[Source "ChessBase"]
[SourceDate "2013.10.22"]
[SourceVersion "1"]
[SourceVersionDate "2013.10.22"]
[SourceQuality "1"]

1. e4 e5 2. Nf3 Nc6 3. d4 exd4 4. Nxd4 Bc5 5. Be3 Qf6 6. c3 Nge7 7. g3 h5 8. Bg2 h4 9. 0-0 Ne5 10. Ne6 Qxe6 11. Bxc5 hxg3 12. fxg3 Qh6 13. h4 d6 14. Bd4 Ng4 15. Qd2 Qxd2 16. Nxd2 f6 17. Nb3 Nc6 18. Bf2 Nce5 19. Rab1 Nd3 20. Be1 Nge5 21. Nd2 Bg4 22. Bf2 Be2 23. b3 Bxf1 24. Rxf1 Ng4 25. Be1 Ne3 0-1

[Event "EU Union-ch U12"]
[Site "Malenovice"]
[Date "2013.08.30"]
[Round "3"]
[White "Blond Hanten, Elsa"]
[Black "Miklasova, Emma"]
[Result "1/2-1/2"]
[WhiteElo "1467"]
[BlackElo "1583"]
[PlyCount "113"]
[EventDate "2013.08.28"]
[EventType "swiss"]
[EventRounds "9"]
[EventCountry "CZE"]
[SourceTitle "CBM 156 Extra"]
[Source "ChessBase"]
[SourceDate "2013.10.22"]
[SourceVersion "1"]
[SourceVersionDate "2013.10.22"]
[SourceQuality "1"]

1. e4 e5 2. Nf3 Nc6 3. Bc4 Nf6 4. d3 Be7 5. 0-0 0-0 6. Re1 d6 7. c3 Kh8 8. Nbd2 Ng8 9. Nf1 f5 10. Ne3 fxe4 11. dxe4 Nf6 12. Ng5 Qe8 13. Qb3 Nd8 14. Nc2 Ng4 15. f3 Bxg5 16. Bxg5 Nf6 17. Rad1 Qh5 18. Bxf6 Rxf6 19. Re3 Rh6 20. h3 Rg6 21. Kf1 Bxh3 22. gxh3 Qxh3+ 23. Ke1 Rg2 24. Be2 Qh4+ 25. Kd2 Qf4 26. Kd3 b6 27. Qd5 Rb8 28. Nb4 Nb7 29. Nc6 Nc5+ 30. Kd2 Rb7 31. Ne7 Qf8 32. Nc6 h5 33. Rh1 g6 34. Kc1 Qh6 35. Kd2 Qg5 36. Qf7 Qh6 37. Ne7 Qg7 38. Qxg7+ Kxg7 39. c4 b5 40. cxb5 Rxb5 41. Kc1 Ra5 42. a3 Nb3+ 43. Rxb3 Rxe2 44. Rb7 Rc5+ 45. Kb1 Rcc2 46. Rg1 Rg2 47. Rxg2 Rxg2 48. Rxc7 Kf6 49. Nd5+ Kg5 50. Rf7 h4 51. f4+ exf4 52. Nxf4 Rg4 53. Nh3+ Kh6 54. Rf6 Rxe4 55. Rxd6 a5 56. Kc2 Re2+ 57. Kc1 1/2-1/2

[Event "SVK-ch op"]
[Site "Banska Stiavnica"]
[Date "2013.07.09"]
[Round "4"]
[White "Miklasova, Emma"]
[Black "Hlavac, Peter"]
[Result "0-1"]
[WhiteElo "1601"]
[BlackElo "1999"]
[PlyCount "106"]
[EventDate "2013.07.06"]
[EventType "swiss"]
[EventRounds "9"]
[EventCountry "SVK"]
[SourceTitle "CBM 155 Extra"]
[Source "ChessBase"]
[SourceDate "2013.08.26"]
[SourceVersion "1"]
[SourceVersionDate "2013.08.26"]
[SourceQuality "1"]

1. e4 e6 2. Qe2 c5 3. Nf3 Nc6 4. g3 g6 5. Bg2 Bg7 6. 0-0 Nge7 7. Nc3 a6 8. b3 0-0 9. Bb2 d5 10. exd5 exd5 11. Na4 Bxb2 12. Nxb2 Qd6 13. Qe3 Nf5 14. Qe2 Bd7 15. d3 Rfe8 16. Qd2 b5 17. Rfe1 Qf6 18. Rab1 Rad8 19. a4 b4 20. Nd1 Rxe1+ 21. Qxe1 Re8 22. Qd2 d4 23. Nb2 Ne5 24. Nxe5 Qxe5 25. Nc4 Qc7 26. Re1 Be6 27. Bd5 Ng7 28. Bxe6 Rxe6 29. Rxe6 Nxe6 30. Qh6 f5 31. f4 Qg7 32. Qxg7+ Kxg7 33. Ne5 Kf6 34. Nd7+ Ke7 35. Nb8 Nc7 36. Nc6+ Kd6 37. Ne5 Nd5 38. Nf3 Ne3 39. Ne1 h6 40. h3 g5 41. fxg5 hxg5 42. Kf2 Ke5 43. Kf3 g4+ 44. hxg4 Nxg4 45. Kg2 Kf6 46. Kf3 Kg5 47. Kg2 Ne3+ 48. Kf3 a5 49. Ke2 Kg4 50. Kf2 f4 51. gxf4 Kxf4 52. Kg1 Kg3 53. Kh1 Kf2 0-1

[Event "SVK-ch op"]
[Site "Banska Stiavnica"]
[Date "2013.07.07"]
[Round "2"]
[White "Jandl, Vojtech"]
[Black "Miklasova, Emma"]
[Result "1-0"]
[WhiteElo "1837"]
[BlackElo "1601"]
[PlyCount "83"]
[EventDate "2013.07.06"]
[EventType "swiss"]
[EventRounds "9"]
[EventCountry "SVK"]
[SourceTitle "CBM 155 Extra"]
[Source "ChessBase"]
[SourceDate "2013.08.26"]
[SourceVersion "1"]
[SourceVersionDate "2013.08.26"]
[SourceQuality "1"]

1. e4 e5 2. Nf3 Nc6 3. Bc4 Nf6 4. d3 Be7 5. Nc3 0-0 6. 0-0 d6 7. d4 Bg4 8. dxe5 Nxe5 9. Be2 Bxf3 10. Bxf3 Nfd7 11. Bg4 Nf6 12. Be2 c6 13. Be3 d5 14. exd5 Nxd5 15. Nxd5 Qxd5 16. Qxd5 cxd5 17. Rad1 Rfd8 18. Bd4 Nc6 19. Bf3 Nb4 20. c3 Nxa2 21. Ra1 Nxc3 22. bxc3 Rd7 23. Rxa7 Rxa7 24. Bxa7 Bf6 25. Rd1 Bxc3 26. Rxd5 Rxd5 27. Bxd5 b5 28. Kf1 g6 29. Ke2 Kg7 30. Bc6 b4 31. Kd3 h5 32. Bd4+ Bxd4 33. Kxd4 f6 34. Kc4 g5 35. Kxb4 Kg6 36. Be8+ Kh6 37. Kc5 f5 38. Kd5 h4 39. Ke5 f4 40. Kf5 Kg7 41. Kxg5 Kf8 42. Bc6 1-0